Statistics for Candy Quiz

Click here to take the quiz!

General Stats

  • This quiz has been taken 28 times
  • The average score is 20 of 77

Answer Stats

HintAnswer% Correct
MM and M
79%
TTwix
79%
SSnickers
75%
MMilky way
71%
SSkittles
71%
AAlmond Joy
67%
RReeses
63%
BBaby Ruth
58%
BButterfinger
58%
HHersheys/cookies and cream herseys
58%
KKit Kat
58%
M3 Musketeers
54%
TTwizzlers
54%
LLaffy Taffy
50%
SSmarties
46%
AAirheads/Airhead Extreme
42%
CCrunch
42%
MMilk Duds
42%
PPop Rocks
42%
SSour Patch Kids
42%
TTootsie rolls/ Tootsie roll pops
42%
YYork
42%
FFun Dip
38%
PPayday
38%
SStarbursts
38%
G100 Grand
33%
CCandy Corn
33%
LLifesavers/Lifesavers Gummies
33%
WWhoppers
33%
JJolly Ranchers/Jolly Rancher pops
29%
MMr Goodbar
29%
NNerds/Nerds ropes
29%
RRolos
29%
DDots
25%
GGummy Bears
25%
JJunior Mints
25%
WWarheads
25%
HHeath
21%
JJelly beans
21%
CCharleston Chew
17%
GGobstoppers
17%
GGood and Plenty
17%
GGummy Worms/Gummy Snakes
17%
MMike and Ikes
17%
PPez
17%
RReeses pieces
17%
BBlow Pops
13%
CCadbury Eggs
13%
CCandy Canes
13%
KKrackel
13%
PPixy sticks
13%
RRing Pops
13%
CChupa Chups
8%
CCircus Peanuts
8%
HHi-chews
8%
HHot tamales
8%
LLemonheads
8%
NNow and Later
8%
RRazzles
8%
SSpree
8%
SSweetarts
8%
ZZotz
8%
BBaby Bottle Pops
4%
DDove Chocolate
4%
PPeanut M and Ms
4%
PPeeps
4%
RRock Candy
4%
SSour punch straws
4%
TTolberone
4%
CCaramel Apple Pops
0%
GGhirardelli chocolate
0%
GGodiva Choclate
0%
OOreo chocolate bar
0%
RRobins Eggs
0%
RRunts
0%
SSuckers
0%
SSweedish Fish
0%

Score Distribution

Percentile by Number Answered

Percent of People with Each Score

Your Score History

You have not taken this quiz